000 01019nam a2200313Ia 4500
001 Para_350
003 CHAP
008 220125s1982 xx 000 0 und d
010 _a199105
040 _cCHAP
090 _aPA FOLLETO 3282
100 _aReyes Carrillo, Jose Luis
_996771
245 _aMicrovinificación (tecnicas para la evaluación de cultivadores de la vid) /
_c por Jose Luis Reyes Carrillo y Francisco Javier González López
260 _aTorreon, Coah. :
_b INIA. Campo Agrícola Experimental La Laguna
300 _a32 p.
410 _aPublicación especial; 2
650 _aVid
_x variedades
_9119141
650 _aViticultura
_x investigación
_9120062
700 _a
700 _aGonzález López, Francisco Javier
_949108
710 _aINIA. Campo Experimental La Laguna
_9164440
901 _aPA FOLLETO 3282
902 _aA
905 _a0000001982 0000000000 00
910 _a1982
942 _cPARA
942 _cPARA
_d1
999 _c199105
_d199105